000 00553nam a2200193Ia 4500
005 20250326143927.0
008 250326s9999 xx 000 0 und d
037 _aTextbook
040 _aFMSL
_beng
_cFMSL
041 _aeng
_2eng
084 _aX:9 P4
_qFMSL
100 _aSchuler R S
_9742702
245 0 _aManaging human resources in cross-border alliances
_cSchuler R S And Others
260 _aLondon
_bLondon, Routledge
_c2004
300 _a251p
365 _b116306.67812400001
942 _cTB
_hX:9 P4
999 _c1301649
_d1301649